| 000 | 00352nam a22001217a 4500 | ||
|---|---|---|---|
| 999 |
_c2238 _d2238 |
||
| 005 | 20200910144338.0 | ||
| 008 | 200910b ||||| |||| 00| 0 eng d | ||
| 020 | _a0673821099 | ||
| 040 | _cCML | ||
| 245 |
_aFlights of Fancy. _cForesman, S. |
||
| 260 |
_aUSA _bScott, Foresman and Comany _c1988 |
||
| 942 |
_2ddc _cBK _e1st Edition _h153 _mFOR |
||